Año cristiano o ejercicios devotos para todos los domingos, dias de cuaresma y fiestas movibles tomo 13
La historia ó exposición del misterio, ó de lo mas digno de saberse en tales días; algunas reflexiones sobre la epístola; una meditación después del evangelio de la misa, y algunos ejercicios prácticos de devoción ó propósitos adaptables á todo género de personas.
| 1. Verfasser: | |
|---|---|
| Format: | Buch |
| Sprache: | Spanish |
| Schlagworte: |
MARC
| LEADER | 00000cam a2200000 a 4500 | ||
|---|---|---|---|
| 001 | 433-13 | ||
| 005 | 20230308171111.0 | ||
| 008 | 000000|1864 ||||||||r|||||||||||spa|| | ||
| 040 | |b spa | ||
| 041 | 1 | |a spa | |
| 082 | 0 | |a 208 | |
| 100 | 1 | |a Croisset |9 15944 | |
| 245 | |a Año cristiano o ejercicios devotos para todos los domingos, dias de cuaresma y fiestas movibles |c P. J. Croisset. Traducción de José Maria Diaz Jiménez |h imp |n tomo 13 | ||
| 264 | |a Paris |b Librería de Rosa y Bouret |c 1864 | ||
| 300 | |a 455 páginas: |b ilu |c 18 cm | ||
| 520 | 3 | |a La historia ó exposición del misterio, ó de lo mas digno de saberse en tales días; algunas reflexiones sobre la epístola; una meditación después del evangelio de la misa, y algunos ejercicios prácticos de devoción ó propósitos adaptables á todo género de personas. | |
| 650 | |a Cristianismo |9 8536 | ||
| 852 | |a UC-CDJBV |c COLONIALES |f Compra |k mariana.feican |l 1 |m Limitada |p 00000000 |q 50.00 |t 433-13 |y 384345 |b 1 |d CDRC |e CDRC |g 208 COLONIALES |z 0000-00-00 | ||
| 942 | |c BK | ||
| 999 | |c 34904 |d 34904 | ||